00360nam a2200121Ia 4500008004100000041000800041082001500049100002800064245007000092260004000162300001900202999001700221241015s9999 xx 000 0 und d aeng a658.83 BRO aBrown/ Suter/ Churchill aBasic Marketing Research: Customer Insights And Managerial Action bCengage Learning IndiaaDehlic2018 a348;. P. 27 cm c41798d41798